000 00856nam a22002777a 4500
003 CHAP
005 20220329133705.0
008 971013s1993 r 00010 d
010 _a9535
011 _a10507
035 _a9744
040 _cCHAP
082 _a635.933216
_bW4 1993
100 0 0 _aWhite, John William
_eed.
_9121697
245 _aGeraniums IV
_b: the growers manual
250 _a4 ed.
260 _aGeneve, Illinois :
_bBall,
_c1993
300 _a412 p.
_b: ilus
590 _aBATCH-UPD
_b10
_c20130110
_lUCH01
_h2303
590 _aCONVERSION
_b10
_c20130109
_lUCH01
_h1306
650 1 4 _aGeranios.
_947691
901 _aBK
942 _cLIBRO
949 _a635.933216 W4 1993
_bBC
_cLIBRO
_d33724000254306
_eLIBRO
_gI.172572
_h86092
_i9744
_si
_t216.00
949 _a635.933216 W4 1993
_bBC
_cLIBRO
_d33724000254314
_eLIBRO
_fc.2
_h87810
_i9744
_si
_t178.70
999 _c9535
_d9535